Fantastic Four : (Record no. 3089)

MARC details
000 -LEADER
fixed length control field 01127cam a22003254a 4500
001 - CONTROL NUMBER
control field 3089
003 - CONTROL NUMBER IDENTIFIER
control field FISKH
005 - DATE AND TIME OF LATEST TRANSACTION
control field 20240205122317.0
008 - FIXED-LENGTH DATA ELEMENTS--GENERAL INFORMATION
fixed length control field 060925s2007 enka j 001 0 eng
010 ## - LIBRARY OF CONGRESS CONTROL NUMBER
LC control number 2006028698
020 ## - INTERNATIONAL STANDARD BOOK NUMBER
International Standard Book Number 9780756627003
020 ## - INTERNATIONAL STANDARD BOOK NUMBER
International Standard Book Number 9780756626990 (pbk.)
040 ## - CATALOGING SOURCE
Original cataloging agency DLC
Transcribing agency DLC
Modifying agency DLC
Language of cataloging eng
042 ## - AUTHENTICATION CODE
Authentication code lcac
050 00 - LIBRARY OF CONGRESS CALL NUMBER
Classification number PN6728.F33
Item number K45 2007
082 00 - DEWEY DECIMAL CLASSIFICATION NUMBER
Classification number 741.5/973
Edition number 22
100 1# - MAIN ENTRY--PERSONAL NAME
Personal name Kelly, Neil.
245 10 - TITLE STATEMENT
Title Fantastic Four :
Remainder of title the world's greatest superteam /
Statement of responsibility, etc. written by Neil Kelly.
260 ## - PUBLICATION, DISTRIBUTION, ETC.
Place of publication, distribution, etc. New York :
Name of publisher, distributor, etc. Dorling Kindersley,
Date of publication, distribution, etc. 2007
300 ## - PHYSICAL DESCRIPTION
Extent 48 pages :
Other physical details color illustrations ;
Dimensions 23 cm.
490 0# - SERIES STATEMENT
Series statement DK readers.
-- Level 3,
-- Reading alone
504 ## - BIBLIOGRAPHY, ETC. NOTE
Bibliography, etc. note Includes index.
505 ## - FORMATTED CONTENTS NOTE
Formatted contents note K<br/>
520 ## - SUMMARY, ETC.
Summary, etc. Text and pictures describe the Superhero team, The Fantastic Four, their powers, their enemies, their allies, and the technology they use to fight evil.
521 8# - TARGET AUDIENCE NOTE
Target audience note 510<br/>
Source Lexile<br/>
521 8# - TARGET AUDIENCE NOTE
Target audience note K<br/>
Source Raz-Plus<br/>
650 #0 - SUBJECT ADDED ENTRY--TOPICAL TERM
Topical term or geographic name entry element Fantastic Four (Fictitious characters)
General subdivision Comic books, strips, etc.
906 ## - LOCAL DATA ELEMENT F, LDF (RLIN)
a 7
b cbc
c orignew
d 1
e ecip
f 20
g y-gencatlg
942 ## - ADDED ENTRY ELEMENTS (KOHA)
Source of classification or shelving scheme Dewey Decimal Classification
Koha item type Books
Suppress in OPAC No
Holdings
Withdrawn status Lost status Source of classification or shelving scheme Damaged status Not for loan Collection Home library Current library Shelving location Date acquired Total Checkouts Full call number Barcode Date last seen Price effective from Koha item type
    Dewey Decimal Classification     Non-Fiction Footprints International School Library Network Toul Kork Campus Footprints International School Library Network Toul Kork Campus TK Primary Library Room(4th Floor), Bookcase 1&2, Shelves 1-16, Dark Blue Books 02/05/2024   KEL 741.5 PN6728.F33 FISTK01426 02/05/2024 02/05/2024 Books